| 000 | 00796nam a2200217Ia 4500 | ||
|---|---|---|---|
| 003 | GCL | ||
| 005 | 20240530110035.0 | ||
| 008 | 140319s9999 xx 000 0 ara d | ||
| 020 | _a9772084600 | ||
| 040 |
_aGCL / _cGCL |
||
| 082 | 0 | 4 |
_a962.0352 _bق/ل ق |
| 100 | 1 | _aلطيفة محمد سالم | |
| 245 | 1 | 0 |
_aالقوى الاجتماعية فى الثورة العرابية : _bالجذور والاحداث / _cلطيفة محمد سالم |
| 250 | _aط1 | ||
| 260 |
_aالقاهرة : _bمكتبة مدبولى ، _c2004 |
||
| 300 |
_a517 ص ؛ _c24 سم |
||
| 650 | 0 | 4 | _aمصر - الاحوال الاجتماعية |
| 650 | 0 | 4 | _aمصر - تاريخ - العصر الحديث - الثورة العرابية |
| 650 | 0 | 4 | _aمصر - تاريخ - الثورات |
| 942 |
_2ddc _cBK |
||
| 999 |
_c58134 _d58134 |
||